| 000 | 00776nam a2200253Ia 4500 | ||
|---|---|---|---|
| 003 | OSt | ||
| 005 | 20220928101601.0 | ||
| 006 | a|||||r|||| 00| 0 | ||
| 007 | ta | ||
| 008 | 220927b |||||||| |||| 00| 0 hin d | ||
| 020 | _c250 | ||
| 024 | _a121095 | ||
| 037 |
_b6240, 10/01/2014, Rajkamal Prakashan Pvt.Ltd. _cTextual |
||
| 040 |
_aSDCL _cSDCL _bhin |
||
| 041 |
_2hin _ahin |
||
| 082 | _a0152,3N21,9, Q3 | ||
| 100 |
_aFanishwarnath Renu _9392028 |
||
| 245 | 0 | _aKitane chaurahe. | |
| 260 |
_aAarriya _b(Bihar) Fanishwarnath Renu Samaj Seva Sansthan _c2013 |
||
| 300 |
_a1;135p _ccm. |
||
| 650 |
_aHindi _9391598 |
||
| 942 |
_h0152,3N21,9, Q3 _cTEXL _2CC |
||
| 999 |
_c707862 _d707862 |
||